| 000 | 01122cam a22002891i 4500 | ||
|---|---|---|---|
| 003 | SA-RiAUC | ||
| 005 | 20250427064714.0 | ||
| 008 | 250425s1986 ly g 00000 ara c | ||
| 040 |
_aSA-RiAUC _bara _cSA-RiAUC _erda |
||
| 050 | 4 | _b.G43 1986 | |
| 082 | 0 | 4 | _a253.9004 |
| 090 |
_a253.9004 _b ا ب و غ |
||
| 100 | 1 |
_aأبو غمجة، محمد علي _eمؤلف. |
|
| 245 | 1 | 2 |
_aالوكالة في الفقه الإسلامي / _cمحمد علي أبو غمجة. |
| 250 | _aالطبعة الأولى. | ||
| 264 | 1 |
_aطرابلس، ليبيا : _bالمنشأة العامة للنشر والتوزيع والإعلان، _c1986 |
|
| 300 |
_a427 صفحة ؛ _c24 سم. |
||
| 336 |
_aنص _btxt _2rdacontent _3كتاب |
||
| 337 |
_aبدون وسيط _bn _2rdamedia |
||
| 338 |
_aمجلد _bnc _2rdacarrier |
||
| 490 | 1 |
_aالكتاب الإسلامي ؛ _v14 |
|
| 650 | 7 |
_aالتوكيل (فقه إسلامي) _2aucsh |
|
| 650 | 7 |
_aالمعاملات (فقه إسلامي) _2aucsh |
|
| 830 | 2 |
_aالكتاب الإسلامي _v14 |
|
| 942 |
_2ddc _cBOOK _n0 |
||
| 949 |
_aSA-JeALM _d250425 _umohamedma123 _n1 |
||
| 999 |
_c7355 _d7355 |
||